000 01221nam0a2200337 4500
001 RU\NLR\BIBL_A\012084985
005 20191017102233.0
010 _a978-5-91367-110-3
_9300
021 _aRU
_bКН-П-19-055910
_9КН-П-19-4020
035 _a(NLR Aleph) 012084985
035 _a(RuMoRGB)010054745
090 _a11823666
_c11823666
100 _a20190902d2019 u y0rusy50 ca
101 0 _arus
_aita
102 _aRU
105 _ay|||z|||000gy
200 1 _aКрик
_dGrido
_e[сборник стихотворений]
_fЛевон Осепян
_zita
210 _aМосква
_cГуманитарий
_d2019
215 _a46, [1] с., [2] л. цв. ил.
_d22
300 _aАвт. также на ит. яз.: Levon Osepian
300 _aТекст парал. рус., ит.
510 1 _6z20790
_aGrido
_zita
686 2 _aШ6(2=Ар)7-5
700 1 _aОсепян
_bЛ. О.
_f1952-
_gЛевон Оганесович
_3RU\NLR\AUTH\770210489
790 1 _6z20510
_aOsepjan
_bL. O.
_f1952-
_gLevon Oganesovič
_3RU\NLR\AUTH\770210488
942 _cBOOK
980 _aNBR
980 _aNB